Programas de estudios de educación enseñanza media

Đã lưu trong:
Chi tiết về thư mục
Định dạng: Sách
Ngôn ngữ:Tiếng Tây Ban Nha
Được phát hành: Santiago Ministerio de Educación 1978
Những chủ đề:
Các nhãn: Thêm thẻ
Không có thẻ, Là người đầu tiên thẻ bản ghi này!

MARC

LEADER 00000nam a2200000 a 4500
001 UCY6642
003 CL-VaPUC
008 950529e19780000CL |||||||||||||||||spa|d
082 0 4 |a 371.3  |b PRO  |2 21 
245 1 0 |a Programas de estudios de educación enseñanza media 
246 1 0 |a Biología Primero a cuarto año 
300 |a 93 p 
942 |c BK 
945 |d 19950529 00:00:00  |a rbrito 
260 |a Santiago  |b Ministerio de Educación  |c 1978 
650 7 |a PROGRAMAS DE ESTUDIO  |2 CL-VaPUC  |9 336681 
650 0 |a Biología  |9 262022 
583 |a last modification  |c 20131129 01:46:17  |k Rodrigo Vera 
999 |c 234196  |d 234194 
952 |0 0  |1 0  |4 0  |6 371_300000000000000_PRO_1978  |7 0  |8 P  |9 240247  |a BIBEDU  |b BIBEDU  |c BIBEDU_PB  |d 2019-11-18  |i 2002515  |o 371.3 PRO 1978  |p 2002515  |r 2024-01-25  |w 2019-11-18  |y BK  |k EDU